000 00294nam a2200145Ia 4500
100 _aInfuse Inc
942 _cRB
654 _aComputer
245 _aMaking Tom Work
260 _bInfuse Inc
_aNew Delhi
_c1995
082 _a658.562
_bINF
300 _a140
546 _aENGLISH
999 _c20803
_d20803